Every NFL MVP's College since 1990 - Statistics

General Stats
  • This quiz has been taken 301 times
    31 since last reset
  • The average score is 18 of 23
Answer Stats
Year Player College % Correct
2017 Tom Brady Michigan
100%
2012 Adrian Peterson Oklahoma
100%
2023 Lamar Jackson Louisville
96%
2022 Patrick Mahomes Texas Tech
96%
2024 Josh Allen Wyoming
96%
2015 Cam Newton Auburn
93%
2013 Peyton Manning Tennessee
93%
2021 Aaron Rodgers California
89%
2025 Matthew Stafford Georgia
89%
1998 Terrell Davis Georgia
89%
2005 Shaun Alexander Alabama
85%
1993 Emmitt Smith Florida
85%
1997 Barry Sanders Oklahoma State
85%
1991 Thurman Thomas Oklahoma State
85%
2016 Matt Ryan Boston College
81%
1990 Joe Montana Notre Dame
78%
2006 LaDainian Tomlinson TCU
74%
1994 Steve Young BYU
59%
2003 Steve McNair Alcorn State
56%
1997 Brett Favre Southern Miss
56%
2001 Kurt Warner Northern Iowa
41%
2000 Marshall Faulk San Diego State
37%
2002 Rich Gannon Delaware
19%
No matching quizzes found
Score Distribution
Percent of People with Each Score
Percentile by Number Answered
Your Score History
You have not taken this quiz since the last reset